000 00850nam a2200277 a 4500
001 000021524
003 DO-SdBNP
005 20250603120043.0
008 100908s1985 sp a r 000 0 spa d
020 _a8432953032
040 _aDO-SdBNP
_bspa
_cBNPHU
049 _aBNGR
082 4 _a657
_bA487t
_222
100 1 _aAmat, Jaume,
_944864
245 1 0 _aTratado de contabilidad /
_cJaume Amat, Fernando Maruny e Isabel Tur.
260 _aBarcelona :
_bCEAC,
_c1985.
300 _av :
_bil. ;
_c27 cm.
500 _aLa biblioteca posee el v. 3
505 1 _gv. 3
_tEconomía, cálculo y estadística, derecho mercantil, impuestos.
650 0 _aContabilidad
_95846
650 4 _aAnálisis económico
_930623
650 0 _aDerecho mercantil
_944865
700 1 _aMaruny, Fernando,
_944866
700 1 _aTur, Isabel,
_944867
942 _2ddc
_cLBS1
999 _c21024
_d21024